Analysis and design of stream ciphers / (Record no. 183801)

000 -LEADER
fixed length control field 01079 a2200241 4500
003 - CONTROL NUMBER IDENTIFIER
control field Nust
005 - DATE AND TIME OF LATEST TRANSACTION
control field 20221013124130.0
010 ## - LIBRARY OF CONGRESS CONTROL NUMBER
LC control number 86017663
020 ## - INTERNATIONAL STANDARD BOOK NUMBER
International Standard Book Number 0387168702 (U.S.)
040 ## - CATALOGING SOURCE
Transcribing agency Nust
082 00 - DEWEY DECIMAL CLASSIFICATION NUMBER
Classification number 651.483,RUE
100 1# - MAIN ENTRY--PERSONAL NAME
Personal name Rueppel, Rainer A.,
9 (RLIN) 100135
245 10 - TITLE STATEMENT
Title Analysis and design of stream ciphers /
Statement of responsibility, etc. Rainer A. Rueppel.
260 ## - PUBLICATION, DISTRIBUTION, ETC.
Place of publication, distribution, etc. Berlin ;
-- New York :
Name of publisher, distributor, etc. Springer-Verlag,
Date of publication, distribution, etc. c1986.
300 ## - PHYSICAL DESCRIPTION
Extent xii, 244 p. :
Other physical details ill. ;
Dimensions 25 cm.
440 #0 - SERIES STATEMENT/ADDED ENTRY--TITLE
Title Communications and control engineering series
9 (RLIN) 100136
505 ## - FORMATTED CONTENTS NOTE
Formatted contents note Interdiction (Page-1), Stream Ciphers (Page-5), Algebraic Tools (Page-17), Random Sequences and Linear Complexity (Page-31), Nonlinear Theory of Periodic Sequences (Page-31), Nonlinear theory of Periodic Sequences (Pag-54), Multiple Speed : An Additional parameter in Secure Sequence Generation (Page-142), The Knapsack as Nonlinear Function (Page-163).
650 #0 - SUBJECT ADDED ENTRY--TOPICAL TERM
Topical term or geographic name entry element Ciphers.
9 (RLIN) 29167
650 #0 - SUBJECT ADDED ENTRY--TOPICAL TERM
Topical term or geographic name entry element Cryptography.
650 #0 - SUBJECT ADDED ENTRY--TOPICAL TERM
Topical term or geographic name entry element Data transmission systems
General subdivision Security measures.
9 (RLIN) 100137
650 #0 - SUBJECT ADDED ENTRY--TOPICAL TERM
Topical term or geographic name entry element Stream ciphers.
9 (RLIN) 95875
942 ## - ADDED ENTRY ELEMENTS (KOHA)
Source of classification or shelving scheme
Koha item type Book
Holdings
Withdrawn status Lost status Source of classification or shelving scheme Damaged status Not for loan Permanent Location Current Location Shelving location Date acquired Full call number Barcode Date last seen Price effective from Koha item type Public note
          Military College of Signals (MCS) Military College of Signals (MCS) General Stacks 12/12/2016 651.483,RUE MCS21276 12/08/2016 12/12/2016 Book Almirah No.25, Shelf No.5
© 2023 Central Library, National University of Sciences and Technology. All Rights Reserved.